Fenomenología Hermenéutica de lo Obvio en el Joven Heidegger (1919-1927) : Una Clarificación de la Pregunta por el Sentido de Ser a Partir de una Exploración de las Lecciones Dictadas en Friburgo y Marburgo
Sábháilte in:
| Príomhchruthaitheoir: | |
|---|---|
| Formáid: | LEABHAR |
| Teanga: | Undetermined |
| Foilsithe / Cruthaithe: |
San José, Costa Rica
Universidad de Costa Rica, Facultad de Letras, Escuela de Filosofía
2007
|
| Ábhair: | |
| Clibeanna: |
Cuir clib leis
Níl clibeanna ann, Bí ar an gcéad duine le clib a chur leis an taifead seo!
|
MARC
| LEADER | 00000nam a2200000Ia 4500 | ||
|---|---|---|---|
| 008 | 170316s9999 xx 000 0 und d | ||
| 040 | |a cru BVZT | ||
| 090 | |a TESIS 830 | ||
| 100 | |a Masís Delgado, Jethro | ||
| 245 | |a Fenomenología Hermenéutica de lo Obvio en el Joven Heidegger (1919-1927) : Una Clarificación de la Pregunta por el Sentido de Ser a Partir de una Exploración de las Lecciones Dictadas en Friburgo y Marburgo | ||
| 260 | |a San José, Costa Rica | ||
| 260 | |b Universidad de Costa Rica, Facultad de Letras, Escuela de Filosofía | ||
| 260 | |c 2007 | ||
| 300 | |a 220 páginas | ||
| 650 | |a TRABAJO FINAL DE GRADUACIÓN | ||
| 650 | |a LICENCIATURA EN FILOSOFÍA | ||
| 650 | |a LA FENOMENOLOGÍA HERMENÉUTICA | ||
| 650 | |a HEIDEGGER | ||
| 999 | |c 14501 |d 14501 | ||
| 942 | |c TFG |h TESIS 830 |2 z | ||
